African Countries with the Highest Average Elevation - Statistics

General Stats
  • This quiz has been taken 529 times
  • The average score is 9 of 10
Answer Stats
Elevation Country % Correct
1,018 Tanzania
92%
1,330 Ethiopia
90%
2,161 Lesotho
90%
1,598 Rwanda
90%
1,013 Botswana
87%
1,504 Burundi
87%
1,138 Zambia
87%
1,034 South Africa
86%
1,141 Namibia
78%
1,112 Angola
74%
No matching quizzes found
Score Distribution
Percent of People with Each Score
Percentile by Number Answered
Your Score History
You have not taken this quiz